Areas of Riga - Statistics

General Stats
  • This quiz has been taken 99 times
  • The average score is 25 of 57
Answer Stats
Hint Answer % Correct
I Imanta
78%
Ā Āgenskalns
76%
C Centrs
76%
J Jugla
68%
V Vecpilsēta
68%
Z Zolitūde
68%
L Latgale
64%
B Bolderāja
62%
D Daugavgrīva
62%
P Purvciems
62%
Ķ Ķengarags
60%
S Sarkandaugava
60%
V Vecmīlgrāvis
58%
I Iļģuciems
56%
M Mežaparks
56%
Č Čiekurkalns
54%
Ķ Ķīpsala
52%
T Teika
52%
V Vecāķi
50%
A Avoti
48%
M Mangaļsala
48%
Z Zasulauks
48%
Z Ziepniekkalns
48%
B Brasa
46%
M Mīlgrāvis
46%
P Pļavnieki
46%
D Dārzciems
42%
D Dārziņi
42%
P Petersala-Andrejsala
42%
R Rumbula
42%
S Salas
42%
S Spilve
42%
D Dreiliņi
40%
A Atgāzene
38%
Š Šampēteris
38%
S Skanste
38%
G Grīziņkalns
36%
M Mežciems
36%
T Torņakalns
36%
B Berģi
34%
V Vecdaugava
34%
J Jaunciems
32%
K Kundziņsala
32%
B Beberbeķi
30%
D Dzirciems
30%
T Trīsciems
30%
V Voleri
30%
B Buļļi
28%
B Bieriņi
26%
K Katlakalns
26%
M Mūkupurvs
26%
P Pleskodāle
26%
Š Šķirotava
26%
B Bukulti
24%
S Suži
24%
B Bišumuiža
20%
B Brekši
16%
No matching quizzes found
Score Distribution
Percent of People with Each Score
Percentile by Number Answered
Your Score History
You have not taken this quiz